Competir en países emergentes (Registro nro. 14444)

Detalles MARC
000 -LEADER
fixed length control field 00321 a2200109 4500
001 - CONTROL NUMBER
control field ART_9861
005 - DATE AND TIME OF LATEST TRANSACTION
control field 20260410161653.0
008 - FIXED-LENGTH DATA ELEMENTS--GENERAL INFORMATION
fixed length control field 260409a
100 1# - MAIN ENTRY--PERSONAL NAME
Personal name Forteza, Jorge H.
245 10 - TITLE STATEMENT
Title Competir en países emergentes
773 0# - HOST ITEM ENTRY
Title Harvard Deusto Business Review
Related parts - Nº 82 (ene./feb. 1998)
Record control number REV521

No hay ítems disponibles.